Loading...
Theory and application of digital signal processing
| Main Author: | |
|---|---|
| Other Authors: | |
| Published: |
New Delhi
Prentice Hall
1997
|
| Subjects: |
| LEADER | 00537cam a2200169ua 4500 | ||
|---|---|---|---|
| 020 | |a 81-203-0501-9 | ||
| 082 | |a 621.382 2 |b RAB/T | ||
| 100 | |a Rabiner, Lawrence R | ||
| 245 | 0 | 0 | |a Theory and application of digital signal processing |
| 260 | |a New Delhi |b Prentice Hall |c 1997 | ||
| 300 | |a xv,762p. | ||
| 650 | |a Digital signal processing | ||
| 650 | 0 | |a Electronics | |
| 700 | 0 | 2 | |a Gold Bernard |
| 942 | |c BK | ||
| 999 | |c 2322 |d 2322 | ||
| 952 | |0 0 |1 0 |4 0 |6 621_382000000000000_2_RABT |7 0 |9 2421 |a KUCL |b KUCL |d 2014-05-23 |l 0 |o 621.382 2 RAB/T |p 05450 |r 2014-05-23 | ||